Matemática 6: guía del profesor

I tiakina i:
Ngā taipitopito rārangi puna kōrero
Ngā kaituhi matua: Mujica Piwonka, Beatriz (autora), Videla Frugone, María Angélica (Author)
Hōputu: Pukapuka
Reo:Pāniora
I whakaputaina: Santiago Arrayán 1993
Putanga:11a. ed
Ngā marau:
Ngā Tūtohu: Tāpirihia he Tūtohu
Kāore He Tūtohu, Me noho koe te mea tuatahi ki te tūtohu i tēnei pūkete!

MARC

LEADER 00000nam a2200000 a 4500
001 UCZ0468
003 CL-VaPUC
008 950728e19931200CL |||||||||||||||||spa|d
082 0 4 |a 372.7  |b MUJ  |2 21 
100 |a Mujica Piwonka, Beatriz  |e autora  |9 310338 
700 0 |a Videla Frugone, María Angélica  |e author  |9 343333 
245 1 0 |a Matemática 6: guía del profesor 
250 |a 11a. ed 
300 |a 26 p 
942 |c BK 
945 |d 19950728 00:00:00  |a mfernand 
260 |a Santiago  |b Arrayán  |c 1993 
650 0 |a Matemática  |9 260235 
650 0 |a Matemáticas  |x Enseñanza  |9 875527 
650 0 |a Libros de texto  |9 270019 
583 |a last modification  |c 19950728 00:00:00  |k Rodrigo Vera 
999 |c 237395  |d 237393 
952 |0 0  |1 0  |4 0  |6 372_700000000000000_MUJ_1993  |7 0  |8 P  |9 246425  |a BIBEDU  |b BIBEDU  |c BIBEDU_PB  |d 2019-11-18  |i 154909K  |o 372.7 MUJ 1993  |p 154909K  |r 2024-01-25  |w 2019-11-18  |y BK  |k EDU